[Event "GER-chT School WK GS"]
[Site "Playchess.com INT"]
[Date "2020.06.11"]
[Round "2.3"]
[White "Sathanandarajah, Thanusan"]
[Black "Kuhn, Jette"]
[Result "1-0"]
[WhiteElo "1362"]
[BlackElo "1370"]
[PlyCount "69"]
[EventDate "2020.06.11"]
[EventType "team-swiss (blitz)"]
[EventRounds "7"]
[EventCountry "GER"]
[SourceTitle "EXT 2021"]
[Source "ChessBase"]
[SourceDate "2020.10.23"]
[SourceVersion "1"]
[SourceVersionDate "2020.10.23"]
[SourceQuality "1"]
[WhiteTeam "Rauch BW"]
[BlackTeam "Lichtenhagen MV"]
[WhiteTeamCountry "GER"]
[BlackTeamCountry "GER"]

1. e4 e5 2. Nf3 Nc6 3. Nc3 Nf6 4. Bc4 Bc5 5. 0-0 d6 6. h3 Be6 7. Bxe6 fxe6 8. d3 Qe7 9. Bg5 h6 10. Bh4 0-0-0 11. Qd2 d5 12. Qe2 d4 13. Na4 Nb4 14. Nxc5 Qxc5 15. a3 Nxc2 16. Rac1 a6 17. Rxc2 Qe7 18. Nxe5 g5 19. Ng6 Qg7 20. Nxh8 Qxh8 21. Bg3 h5 22. Rxc7+ Kb8 23. Rh7+ Kc8 24. Rxh8 Rxh8 25. Qc2+ Kd8 26. Be5 Ke7 27. Qc7+ Nd7 28. Bxh8 Ke8 29. Rc1 Ke7 30. Qxb7 Ke8 31. Rc7 Kf7 32. Rxd7+ Kg6 33. Rg7+ Kh6 34. Qf7 h4 35. Qg6# 1-0

[Event "GER-chT School WK GS"]
[Site "Playchess.com INT"]
[Date "2020.06.11"]
[Round "3.4"]
[White "Winterstein, Eliah"]
[Black "Kuhn, Jette"]
[Result "0-1"]
[WhiteElo "1315"]
[BlackElo "1370"]
[PlyCount "72"]
[EventDate "2020.06.11"]
[EventType "team-swiss (blitz)"]
[EventRounds "7"]
[EventCountry "GER"]
[SourceTitle "EXT 2021"]
[Source "ChessBase"]
[SourceDate "2020.10.23"]
[SourceVersion "1"]
[SourceVersionDate "2020.10.23"]
[SourceQuality "1"]
[WhiteTeam "Forst"]
[BlackTeam "Lichtenhagen MV"]
[WhiteTeamCountry "GER"]
[BlackTeamCountry "GER"]

1. e4 e5 2. Nf3 Nc6 3. Bc4 Nf6 4. Nc3 Bc5 5. 0-0 d6 6. h3 Be6 7. Bxe6 fxe6 8. d3 0-0 9. Bg5 h6 10. Bxf6 Qxf6 11. Nb5 a6 12. Nxc7 Rac8 13. Nxe6 Qxe6 14. c3 b5 15. d4 exd4 16. cxd4 Nxd4 17. Nxd4 Bxd4 18. Qxd4 Rc4 19. Qb6 Rxe4 20. Qxa6 Qd7 21. f3 Ra4 22. Qb6 Rf6 23. Qb8+ Rf8 24. Qb6 Raa8 25. Qe3 d5 26. Rfd1 Rfe8 27. Qb3 Kh7 28. Rxd5 Qa7+ 29. Kh1 Re7 30. Rxb5 Rae8 31. Qc2+ Kh8 32. Qc3 Qa6 33. Ra5 Qd6 34. b4 Qg3 35. Kg1 Re2 36. Kh1 Qxg2# 0-1